| 000 | 00929nam a2200241 i 4500 | ||
|---|---|---|---|
| 001 | 13483 | ||
| 003 | ES-MaACL | ||
| 005 | 20230906150606.0 | ||
| 007 | t| | ||
| 008 | 980421s1997 sp ||||1| spa d | ||
| 020 | _a84-920378-1-4 | ||
| 080 | _a747:016 | ||
| 080 | _a016:747 | ||
| 100 | 1 |
_aMaldonado Ramos, Luis. _975736 |
|
| 245 | 1 | 3 |
_aEl interiorismo en España _b: una aproximación bibliográfica / _cLuis Maldonado Ramos, Susana Feito Crespo, Fernando Vela Cossío ; prólogo de Javier de Cárdenas y Chávarri. |
| 260 |
_aMadrid : _bCursos de Arquitectura de Interiores del Departamento de Construcción y Tecnología Arquitectónicas, _c1997. |
||
| 300 |
_a136 p. ; _c21 cm. |
||
| 650 | 1 | 4 |
_aDecoración interior- _xBibliografías. _911543 |
| 700 | 1 |
_aFeito Crespo, Susana. _949134 |
|
| 700 | 1 |
_aVela Cossío, Fernando. _9113683 |
|
| 700 | 1 |
_aCárdenas y Chávarri, Javier de. _935153 |
|
| 852 |
_aES-MaACL _jL-20802 |
||
| 999 |
_c13483 _d13483 |
||